01581nam a22003255a 450000500170000000800410001702000180005804000280007608200220010410000270012624500690015325000310022226000480025330000380030150000240033950400310036365000310039465000380042565000430046365100100050665300470051670000300056370000250059394200220061899900170064095201540065795201440081195201440095595201560109920160216131140.0150622s2015 nyua frb 001 0 eng d a9781259254390 aEG-ScBUEbengcEG-ScBUE04a658.4052bLEW2221 aLewicki, Roy J.91966410aNegotiation / cRoy J. Lewicki, David M. Saunders, Bruce Barry.  a7th ed., International ed. aNew York : bMcGraw-Hill Education, c2015. axvii, 685 p. : bill. ; c25 cm.  aIndex : p. 655-685. aBibliography : p. 603-654. 7aNegotiation.2BUEsh919662 7aConflict management.2BUEsh98129 7aNegotiation in business.2BUEsh920024 2BUEsh bBUSADMcJune2015cAugust2015cFebruary20161 aSaunders, David M.9198291 aBarry, Bruce.919828 2ddck658.4052 LEW c19799d19771 00102ddc40708AlahramaMAINbMAINc1STd2015-06-22epurchaseg299.00h326l4o658.4052 LEWp000038815r2026-03-17 00:00:00s2026-02-16v373.75yBB 00102ddc40708AcademicaMAINbMAINc1STd2016-02-16ePurchaseg330.00h4865l0o658.4052 LEWp000031570r2025-07-15 00:00:00v412.50yBB 00102ddc40708AcademicaMAINbMAINc1STd2016-02-16ePurchaseg330.00h4865l0o658.4052 LEWp000031571r2025-07-15 00:00:00v412.50yBB 00102ddc40708AcademicaMAINbMAINc1STd2016-02-16ePurchaseg330.00h4865l1o658.4052 LEWp000031572r2025-07-15 00:00:00s2020-02-12v412.50yBB